Compendio de derecho islámico
Salvato in:
| Autore principale: | |
|---|---|
| Natura: | Libro |
| Lingua: | spagnolo |
| Pubblicazione: |
Madrid
Trotta
1993
|
| Serie: | Colección Al Andalus, Textos y Estudios
|
| Soggetti: | |
| Tags: |
Aggiungi Tag
Nessun Tag, puoi essere il primo ad aggiungerne!!
|
MARC
| LEADER | 00000nam a2200000 a 4500 | ||
|---|---|---|---|
| 001 | UCP5067 | ||
| 003 | CL-VaPUC | ||
| 008 | 990827e19930000SP |||||||||||||||||spa|d | ||
| 082 | 0 | 4 | |a 340.59 |b ZAY |2 21 |
| 100 | 0 | |a Zayd Al-Qayrawani, Ibn Abi |e author |9 433178 | |
| 245 | 1 | 0 | |a Compendio de derecho islámico |
| 300 | |a 249 p | ||
| 942 | |c BK | ||
| 945 | |d 19990827 00:00:00 |a vberengu | ||
| 260 | |a Madrid |b Trotta |c 1993 | ||
| 650 | 0 | |a Derecho comparado |9 255664 | |
| 650 | 7 | |a DERECHO ISLAMICO |2 CL-VaPUC |9 349329 | |
| 650 | 0 | |a Islamismo |9 314084 | |
| 650 | 0 | |a Historia |9 255047 | |
| 650 | 7 | |a JURISPRUDENCIA ISLAMICA |2 CL-VaPUC |9 433179 | |
| 583 | |a last modification |c 19990827 00:00:00 |k Rodrigo Vera | ||
| 490 | 0 | |a Colección Al Andalus, Textos y Estudios | |
| 999 | |c 282893 |d 282891 | ||
| 952 | |0 0 |1 0 |4 0 |6 340_590000000000000_ZAY_1993 |7 0 |8 DER_HIS |9 325488 |a BIBDER |b BIBDER |d 2019-11-20 |i 3536335 |l 2 |m 2 |o 340.59 ZAY 1993 |p 3536335 |q 2025-12-31 |r 2020-03-18 |s 2020-03-18 |w 2019-11-20 |x Ubicación 4to Piso |y BK |z Estos recursos deben solicitarse con anticipación |k DER | ||
| 952 | |0 0 |1 0 |4 0 |6 340_590000000000000_ZAY_1993 |7 0 |8 DER_TF |9 325489 |a BIBDER |b BIBDER |d 2019-11-20 |i 3539288 |o 340.59 ZAY 1993 |p 3539288 |r 2023-01-25 |w 2019-11-20 |x Ubicación 4to Piso |y BK |z Estos recursos deben solicitarse con anticipación |k DER | ||